| 000 | 00680nam a2200241Ia 4500 | ||
|---|---|---|---|
| 008 | 180523s9999 xx 000 0 und d | ||
| 020 | _a1-4039-8987-7 | ||
| 050 | _aMAIN B 2799.E8 | ||
| 050 | _b.B36 2006 | ||
| 100 | _aBanham, Gary. | ||
| 245 | 0 | _aKant's practical philosophy : | |
| 245 | 0 | _bfrom critique to doctrine / | |
| 245 | 0 | _cGary Banham. | |
| 260 | _aNew York : | ||
| 260 | _bPalgrave Macmillan, | ||
| 260 | _c2006 | ||
| 300 | _a270 pages : | ||
| 300 | _billustrations ; | ||
| 300 | _c22 cm. | ||
| 500 | _aIncludes bibiliographical references and index. | ||
| 650 | _aKant, Emmanuel -- 1724-1804 -- Ethics. | ||
| 650 | _xEthics, Modern -- 18th century. | ||
| 999 |
_c356546 _d356546 |
||